00323pam a2200121 a 4500020000500000041000500005082001200010100004500022245006100067250001300128260005200141300000800193 c h a658.155 aCHANCE (Don M.)/ BROOKS (Robert)eauthor aDerivatives and Risk Management BasicshTextual Document a5th Rep. bCengage Learning India Pvt. Ltd New Delhic2011 a562